[Event "Winnipeg op"]
[Site "Winnipeg"]
[Date "2015.07.28"]
[Round "9"]
[White "Campbell, Jamie"]
[Black "Wiebe, Isaac"]
[Result "1-0"]
[WhiteElo "1780"]
[BlackElo "2037"]
[PlyCount "55"]
[EventDate "2015.06.02"]
[EventType "swiss"]
[EventRounds "9"]
[EventCountry "CAN"]
[SourceTitle "EXT 2019"]
[Source "ChessBase"]
[SourceDate "2018.10.10"]
[SourceVersion "1"]
[SourceVersionDate "2018.10.10"]
[SourceQuality "1"]

1. e4 e6 2. d4 d5 3. Nd2 c5 4. Ngf3 cxd4 5. exd5 Qxd5 6. Bc4 Qd8 7. 0-0 Nf6 8. Nb3 Nc6 9. Nbxd4 Nxd4 10. Qxd4 Qxd4 11. Nxd4 Bd7 12. Bb5 Bc5 13. Bxd7+ Nxd7 14. Be3 0-0 15. Rad1 Bxd4 16. Rxd4 Nf6 17. Rfd1 Nd5 18. c4 Nb6 19. b3 Rac8 20. Rd6 Rc6 21. Bxb6 axb6 22. Rd7 f5 23. Rxb7 Rf7 24. Rd8+ Rf8 25. Rdd7 Ra8 26. Rxg7+ Kf8 27. Rxh7 Kg8 28. Rhd7 1-0

[Event "Winnipeg op"]
[Site "Winnipeg"]
[Date "2015.06.30"]
[Round "5"]
[White "Valentino, Marcos"]
[Black "Campbell, Jamie"]
[Result "1-0"]
[WhiteElo "2194"]
[BlackElo "1780"]
[PlyCount "81"]
[EventDate "2015.06.02"]
[EventType "swiss"]
[EventRounds "9"]
[EventCountry "CAN"]
[SourceTitle "EXT 2019"]
[Source "ChessBase"]
[SourceDate "2018.10.10"]
[SourceVersion "1"]
[SourceVersionDate "2018.10.10"]
[SourceQuality "1"]

1. d4 Nf6 2. c4 e5 3. d5 c6 4. g3 cxd5 5. cxd5 Qa5+ 6. Nc3 Bb4 7. Bd2 Bxc3 8. Bxc3 Qxd5 9. Qxd5 Nxd5 10. Bxe5 0-0 11. a3 Nc6 12. Bd6 Re8 13. Rd1 Nde7 14. Bh3 f5 15. Nf3 g6 16. 0-0 b6 17. Bg2 Ba6 18. Rfe1 Rac8 19. b4 Bc4 20. e3 b5 21. Nd4 Nxd4 22. Rxd4 Nc6 23. Rd2 Re6 24. Bc5 Rc7 25. Red1 a5 26. Rxd7 Rxd7 27. Rxd7 axb4 28. axb4 Ne5 29. Rd8+ Kf7 30. Bd5 Bxd5 31. Rxd5 Ke8 32. Kg2 Nc4 33. Bd4 Na3 34. h4 h5 35. Kf3 Ke7 36. Kf4 Re4+ 37. Kg5 Rg4+ 38. Kh6 Ke6 39. Rc5 Kd7 40. Kg7 Kd8 41. Rc6 1-0

[Event "Winnipeg op"]
[Site "Winnipeg"]
[Date "2014.06.24"]
[Round "4"]
[White "Campbell, Jamie"]
[Black "Magyar, Peter"]
[Result "1-0"]
[WhiteElo "1806"]
[BlackElo "1578"]
[PlyCount "59"]
[EventDate "2014.06.03"]
[EventType "swiss"]
[EventRounds "8"]
[EventCountry "CAN"]
[SourceTitle "EXT 2019"]
[Source "ChessBase"]
[SourceDate "2018.10.10"]
[SourceVersion "1"]
[SourceVersionDate "2018.10.10"]
[SourceQuality "1"]

1. c4 c5 2. Nf3 Nf6 3. e3 d6 4. Be2 e6 5. 0-0 Be7 6. d4 0-0 7. Nc3 b6 8. d5 h6 9. Qc2 e5 10. h3 Na6 11. a3 Nc7 12. Rd1 Bd7 13. b4 a6 14. Bb2 Rb8 15. Ne4 Nce8 16. Nxe5 Nxe4 17. Nxd7 Qxd7 18. Qxe4 Nf6 19. Qc2 Rfe8 20. Bd3 Bd8 21. Re1 Rc8 22. Bf5 Qc7 23. Bxc8 Qxc8 24. e4 cxb4 25. axb4 b5 26. c5 Nh5 27. e5 Nf4 28. exd6 Nxh3+ 29. gxh3 Rf8 30. Qd3 1-0

[Event "Winnipeg TNT May op"]
[Site "Winnipeg"]
[Date "2014.05.06"]
[Round "1"]
[White "Campbell, Jamie"]
[Black "Andraschko, Felix"]
[Result "0-1"]
[WhiteElo "1810"]
[BlackElo "2102"]
[PlyCount "58"]
[EventDate "2014.05.06"]
[EventType "swiss"]
[EventRounds "4"]
[EventCountry "CAN"]
[SourceTitle "EXT 2022"]
[Source "ChessBase"]
[SourceDate "2021.10.06"]
[SourceVersion "1"]
[SourceVersionDate "2021.10.06"]
[SourceQuality "1"]

1. Nf3 c5 2. b3 Nc6 3. c4 e5 4. d3 g6 5. Bb2 Bg7 6. g3 Nge7 7. Bg2 0-0 8. 0-0 e4 9. Bxg7 exf3 10. Bxf8 fxg2 11. Kxg2 Kxf8 12. Nc3 d5 13. Qc1 Kg8 14. Qg5 Be6 15. cxd5 Nxd5 16. Ne4 Qxg5 17. Nxg5 Re8 18. Nxe6 Rxe6 19. e4 Ndb4 20. Rfd1 Rd6 21. a3 Nxd3 22. Kf3 Rf6+ 23. Ke2 Nxf2 24. Rd7 Nd4+ 25. Kf1 Nxe4+ 26. Kg2 Rf2+ 27. Kh3 Ng5+ 28. Kg4 Nde6 29. Rh1 h5+ 0-1

[Event "Winnipeg TNT February op"]
[Site "Winnipeg"]
[Date "2014.02.25"]
[Round "4.4"]
[White "Campbell, Jamie"]
[Black "Atem, James"]
[Result "1-0"]
[WhiteElo "1728"]
[BlackElo "1918"]
[PlyCount "87"]
[EventDate "2014.02.04"]
[EventType "swiss"]
[EventRounds "4"]
[EventCountry "CAN"]
[SourceTitle "EXT 2022"]
[Source "ChessBase"]
[SourceDate "2021.10.06"]
[SourceVersion "1"]
[SourceVersionDate "2021.10.06"]
[SourceQuality "1"]

1. b3 c5 2. Bb2 Nc6 3. e3 e5 4. Bb5 d6 5. Ne2 Nf6 6. 0-0 Bd7 7. d4 cxd4 8. exd4 e4 9. d5 Ne5 10. Bxd7+ Qxd7 11. Bxe5 dxe5 12. c4 Bc5 13. Nbc3 a6 14. h3 0-0 15. Ng3 e3 16. Nce4 exf2+ 17. Nxf2 e4 18. Qe2 Rfe8 19. Kh1 g6 20. Nfxe4 Nxe4 21. Nxe4 Bd4 22. Rad1 Bg7 23. Qd3 f5 24. Nc5 Qc8 25. Ne6 Bf6 26. g4 Rxe6 27. dxe6 Qxe6 28. Qd5 Re8 29. gxf5 gxf5 30. Rxf5 Qxd5+ 31. cxd5 Bc3 32. d6 Rd8 33. d7 b6 34. Kg2 Kg7 35. Kf3 Kg6 36. Rdd5 h6 37. Ke4 a5 38. a4 Bb4 39. h4 Be7 40. h5+ Kg7 41. Ke5 Bc5 42. Ke6 Kg8 43. Rxc5 bxc5 44. Rxc5 1-0

[Event "Winnipeg Memorial"]
[Site "Winnipeg"]
[Date "2012.11.20"]
[Round "3"]
[White "Einarsson, Ken"]
[Black "Campbell, Jamie"]
[Result "1-0"]
[WhiteElo "1726"]
[BlackElo "1704"]
[PlyCount "117"]
[EventDate "2012.11.06"]
[EventType "swiss"]
[EventRounds "6"]
[EventCountry "CAN"]
[SourceTitle "EXT 2022"]
[Source "ChessBase"]
[SourceDate "2021.10.06"]
[SourceVersion "1"]
[SourceVersionDate "2021.10.06"]
[SourceQuality "1"]

1. d4 Nf6 2. c4 c5 3. d5 b5 4. b3 g6 5. Bb2 Bg7 6. Nf3 0-0 7. e3 Bb7 8. Be2 bxc4 9. Bxc4 d6 10. 0-0 Nbd7 11. Re1 Nb6 12. e4 Nxc4 13. bxc4 e6 14. Nbd2 exd5 15. exd5 Rb8 16. Rb1 Re8 17. Bxf6 Bxf6 18. Qa4 Rxe1+ 19. Rxe1 Qc7 20. Rb1 Bc8 21. Rxb8 Qxb8 22. Qe8+ Kg7 23. h3 Qb7 24. Ne4 Be7 25. Nfg5 Bxg5 26. Nxg5 Bf5 27. Qe2 Qb1+ 28. Kh2 h6 29. Nf3 Qc2 30. Qxc2 Bxc2 31. Kg3 Kf6 32. Kf4 Bb1 33. a3 Ba2 34. Nd2 g5+ 35. Ke4 Kg6 36. g4 f5+ 37. gxf5+ Kf6 38. f4 h5 39. fxg5+ Kxg5 40. h4+ Kf6 41. a4 Kg7 42. a5 a6 43. Kf4 Kh6 44. Ke3 Kg7 45. Kf3 Kh7 46. Kf4 Kh6 47. f6 Kg6 48. f7 Kxf7 49. Kg5 Kg7 50. Kxh5 Kf6 51. Kg4 Ke5 52. h5 Kd4 53. h6 Bxc4 54. Nxc4 Kxc4 55. h7 Kxd5 56. h8Q Kc4 57. Qf6 Kd5 58. Qf3+ Kd4 59. Qd1+ 1-0

[Event "Winnipeg November Quad-B"]
[Site "Winnipeg"]
[Date "2012.11.04"]
[Round "2.3"]
[White "Trueman, Francis"]
[Black "Campbell, Jamie"]
[Result "1/2-1/2"]
[WhiteElo "1491"]
[BlackElo "1704"]
[PlyCount "117"]
[EventDate "2012.11.04"]
[EventType "swiss"]
[EventRounds "3"]
[EventCountry "CAN"]
[SourceTitle "EXT 2022"]
[Source "ChessBase"]
[SourceDate "2021.10.06"]
[SourceVersion "1"]
[SourceVersionDate "2021.10.06"]
[SourceQuality "1"]

1. Nf3 d5 2. d3 g6 3. Nbd2 f5 4. g3 Bg7 5. Bg2 e5 6. 0-0 Nc6 7. c3 Nf6 8. e4 0-0 9. exd5 Qxd5 10. Ng5 Qxd3 11. Qb3+ Kh8 12. Nf7+ Rxf7 13. Qxf7 Bd7 14. Nf3 e4 15. Ne1 Qb5 16. Bf4 Qxb2 17. Rd1 Nd8 18. Qc4 c6 19. Rd2 Qb6 20. Nc2 Nd5 21. Be3 Qc7 22. Rxd5 b5 23. Rxb5 Be6 24. Qc5 Nb7 25. Rxb7 Qxb7 26. Bd4 Bxa2 27. Bxg7+ Kxg7 28. Rd1 Bd5 29. Bf1 Qb2 30. Ne3 Qb3 31. Nxd5 Qxd1 32. Qxc6 Rf8 33. Kg2 Qf3+ 34. Kg1 Kh6 35. Qd6 Rc8 36. Nf4 e3 37. Be2 exf2+ 38. Kf1 Qxc3 39. Kxf2 Qc5+ 40. Qxc5 Rxc5 41. Ne6 Re5 42. Nf4 a5 43. Nd3 Re4 44. Nc5 Rb4 45. Bd1 Kg5 46. Kf3 Kf6 47. h4 h6 48. Ke3 Ke5 49. Nd3+ Kd5 50. Nxb4+ axb4 51. Bb3+ Ke5 52. Bf7 g5 53. hxg5 hxg5 54. Bg6 b3 55. Bf7 b2 56. Ba2 Kf6 57. Bb1 Kg6 58. Bc2 Kf6 59. Bb1 1/2-1/2

[Event "Winnipeg TNT September op"]
[Site "Winnipeg"]
[Date "2012.09.25"]
[Round "4"]
[White "Babb, Jeff"]
[Black "Campbell, Jamie"]
[Result "1-0"]
[WhiteElo "2218"]
[BlackElo "1630"]
[PlyCount "169"]
[EventDate "2012.09.04"]
[EventType "swiss"]
[EventRounds "4"]
[EventCountry "CAN"]
[SourceTitle "EXT 2022"]
[Source "ChessBase"]
[SourceDate "2021.10.06"]
[SourceVersion "1"]
[SourceVersionDate "2021.10.06"]
[SourceQuality "1"]

1. f4 Nf6 2. Nf3 g6 3. b3 Bg7 4. Bb2 0-0 5. e3 d6 6. Be2 Nc6 7. 0-0 e5 8. fxe5 Ng4 9. Nc3 dxe5 10. Ne4 h6 11. h3 f5 12. Nc5 e4 13. Bc4+ Kh7 14. Bxg7 Kxg7 15. hxg4 exf3 16. gxf5 fxg2 17. Rf2 Rxf5 18. Rxf5 Bxf5 19. Qe2 b6 20. Nd3 Qf6 21. Rc1 Be4 22. Qf2 Rf8 23. Qxf6+ Rxf6 24. Nf4 h5 25. Nxg2 Bxg2 26. Kxg2 g5 27. Rh1 h4 28. Be2 a5 29. a3 Ne7 30. Bg4 Nc6 31. d4 Ne7 32. c4 Nf5 33. Re1 Ng3 34. Bf3 Kf7 35. b4 axb4 36. axb4 Ke7 37. c5 bxc5 38. bxc5 Ra6 39. Kh3 Ra3 40. Kg4 Kf6 41. e4 Ra4 42. Rd1 Rc4 43. c6 Rc3 44. Ra1 Kg6 45. Ra5 Rxc6 46. Rxg5+ Kf7 47. Kxh4 Nf1 48. Bh5+ Ke7 49. Rg7+ Kd8 50. Rg8+ Ke7 51. Re8+ Kd7 52. Rf8 Ne3 53. Be8+ Ke7 54. Bxc6 Kxf8 55. Ba4 Ke7 56. Bb3 Ng2+ 57. Kg3 Ne1 58. Kf4 Ng2+ 59. Ke5 Ne1 60. Kd5 Nf3 61. Ba4 Kd8 62. e5 Ke7 63. Ke4 Ng5+ 64. Kf5 Nf7 65. d5 Nd8 66. Ke4 Nf7 67. Kd4 Nd8 68. Bd1 Nb7 69. Bg4 Kd8 70. Kc4 Ke7 71. Kd4 Nd8 72. Bh5 Kd7 73. Bg6 Nb7 74. Bf5+ Kd8 75. Kc4 Na5+ 76. Kc5 Nb7+ 77. Kb5 Ke7 78. Kc6 Nd8+ 79. Kxc7 Nf7 80. d6+ Kf8 81. e6 Ne5 82. e7+ Ke8 83. Bc2 Kf7 84. Bb3+ Ke8 85. Ba4+ 1-0

[Event "Winnipeg TNT September op"]
[Site "Winnipeg"]
[Date "2012.09.18"]
[Round "3"]
[White "Campbell, Jamie"]
[Black "Reimer, Bruce"]
[Result "1-0"]
[WhiteElo "1630"]
[BlackElo "1586"]
[PlyCount "69"]
[EventDate "2012.09.04"]
[EventType "swiss"]
[EventRounds "4"]
[EventCountry "CAN"]
[SourceTitle "EXT 2022"]
[Source "ChessBase"]
[SourceDate "2021.10.06"]
[SourceVersion "1"]
[SourceVersionDate "2021.10.06"]
[SourceQuality "1"]

1. b4 e5 2. Bb2 d6 3. g3 a6 4. a4 Bg4 5. Bg2 c6 6. c4 Nd7 7. d3 Qb6 8. Qd2 g6 9. Na3 Bh6 10. e3 Ngf6 11. Ne2 Bxe2 12. Kxe2 0-0 13. a5 Qc7 14. Rhe1 Rfe8 15. b5 e4 16. d4 d5 17. cxd5 Nxd5 18. bxc6 bxc6 19. Rec1 Rab8 20. Rc4 Bf8 21. Rac1 Nb4 22. d5 Ne5 23. Bxe4 Nxc4 24. Rxc4 Qxa5 25. Qd4 f6 26. Qxf6 Re7 27. Qh8+ Kf7 28. Qxh7+ Ke8 29. Qxg6+ Rf7 30. d6 Nd5 31. Rc2 Rxb2 32. Rxb2 Nc3+ 33. Kf1 Nxe4 34. Qe6+ Kd8 35. Rb8# 1-0

[Event "Winnipeg TNT August op"]
[Site "Winnipeg"]
[Date "2012.08.28"]
[Round "4"]
[White "Campbell, Jamie"]
[Black "Wolchock, Theo"]
[Result "1/2-1/2"]
[WhiteElo "1589"]
[BlackElo "1708"]
[PlyCount "51"]
[EventDate "2012.08.07"]
[EventType "swiss"]
[EventRounds "4"]
[EventCountry "CAN"]
[SourceTitle "EXT 2022"]
[Source "ChessBase"]
[SourceDate "2021.10.06"]
[SourceVersion "1"]
[SourceVersionDate "2021.10.06"]
[SourceQuality "1"]

1. d3 g6 2. g3 Bg7 3. Bg2 Nf6 4. Nf3 0-0 5. 0-0 Nc6 6. c4 d6 7. Nbd2 Bg4 8. Rb1 Rb8 9. b4 Nd7 10. b5 Nce5 11. Bb2 Nxf3+ 12. Nxf3 e5 13. h3 Be6 14. Qd2 h6 15. Rfc1 Kh7 16. d4 f5 17. d5 Bg8 18. Qc2 Qe7 19. e4 f4 20. g4 Kh8 21. Nd2 Bh7 22. f3 b6 23. a4 Bf6 24. a5 Bh4 25. a6 Rbe8 26. Nf1 1/2-1/2

[Event "Winnipeg ThankGibbons op-B"]
[Site "Winnipeg"]
[Date "2008.10.26"]
[Round "4"]
[White "Campbell, Jamie"]
[Black "Gibbons, Lorne"]
[Result "1-0"]
[WhiteElo "1566"]
[BlackElo "1202"]
[PlyCount "123"]
[EventDate "2008.10.24"]
[EventType "swiss"]
[EventRounds "5"]
[EventCountry "CAN"]
[SourceTitle "EXT 2011"]
[Source "ChessBase"]
[SourceDate "2010.11.26"]
[SourceVersion "1"]
[SourceVersionDate "2010.11.26"]
[SourceQuality "1"]

1. Nf3 Nc6 2. g3 e5 3. d3 Bc5 4. Bg2 Nf6 5. 0-0 d6 6. Nbd2 Be6 7. c4 Qd7 8. Re1 h6 9. e3 0-0-0 10. a3 Bh3 11. b4 Bxg2 12. Kxg2 Bxe3 13. fxe3 Rh7 14. e4 g5 15. Nf1 Rg8 16. Ne3 g4 17. Nh4 Nd4 18. Nef5 Nxf5 19. Nxf5 h5 20. Nh4 Ne8 21. Rf1 a6 22. d4 f6 23. dxe5 fxe5 24. Qd5 Rgg7 25. Ra2 c6 26. Qd3 Rf7 27. Raf2 Rxf2+ 28. Rxf2 Rf7 29. Rxf7 Qxf7 30. Qf1 Qh7 31. Qf5+ Qxf5 32. Nxf5 Kd7 33. Bg5 Ke6 34. Ne3 Kd7 35. h3 gxh3+ 36. Kxh3 b6 37. Kh4 c5 38. bxc5 dxc5 39. Nf5 b5 40. cxb5 axb5 41. Kxh5 c4 42. Bd2 Nf6+ 43. Kg6 Nxe4 44. Bc1 c3 45. g4 Nd2 46. Bxd2 cxd2 47. Ne3 Ke6 48. Kh6 e4 49. g5 Ke5 50. g6 Kd4 51. Nd1 Kd3 52. g7 Kc2 53. Ne3+ Kd3 54. g8Q Kxe3 55. Qg5+ Kd3 56. Qxb5+ Kc2 57. Qc4+ Kb2 58. Qb4+ Kc2 59. Qxe4+ Kb2 60. Qb4+ Kc2 61. Qd4 Kd1 62. a4 1-0

[Event "Winnipeg ThankGibbons op-B"]
[Site "Winnipeg"]
[Date "2008.10.24"]
[Round "1"]
[White "Campbell, Jamie"]
[Black "Gannon, Keith"]
[Result "1-0"]
[WhiteElo "1566"]
[BlackElo "1638"]
[PlyCount "111"]
[EventDate "2008.10.24"]
[EventType "swiss"]
[EventRounds "5"]
[EventCountry "CAN"]
[SourceTitle "EXT 2011"]
[Source "ChessBase"]
[SourceDate "2010.11.26"]
[SourceVersion "1"]
[SourceVersionDate "2010.11.26"]
[SourceQuality "1"]

1. d3 e5 2. Nf3 d6 3. g3 Be7 4. Bg2 Nc6 5. c4 a5 6. Nc3 Nf6 7. Bg5 Be6 8. Qb3 Rb8 9. Bxf6 Bxf6 10. Nd5 0-0 11. 0-0 Re8 12. Nxf6+ Qxf6 13. e3 b5 14. Qc3 bxc4 15. Nd2 d5 16. Nxc4 dxc4 17. Bxc6 Red8 18. dxc4 Bh3 19. Bg2 Bxg2 20. Kxg2 a4 21. Rad1 Qc6+ 22. Kg1 f6 23. Qc2 Re8 24. Rd5 Rb4 25. b3 axb3 26. axb3 Reb8 27. Rfd1 Qa8 28. Rb5 R4xb5 29. cxb5 Rc8 30. Qc4+ Kh8 31. Qd5 Qb8 32. Qc6 h6 33. Rc1 Rg8 34. Rc5 Qd8 35. Rd5 Qb8 36. Rd7 Rc8 37. Qa6 Rd8 38. Qc6 Rxd7 39. Qxd7 Kh7 40. e4 Qb6 41. Qc6 Qb8 42. b4 Qa7 43. Qc5 Qb8 44. Kf1 Qd8 45. Qd5 Qb8 46. Ke2 Qa7 47. Qc4 Qb6 48. Qc5 Qb8 49. Kd3 Qd8+ 50. Qd5 Qb8 51. Qc5 Qd8+ 52. Kc3 Qb8 53. f4 exf4 54. gxf4 Qd8 55. Qd5 Qb8 56. Kc4 1-0

[Event "Winnipeg Gibbons Section ABCD"]
[Site "Winnipeg"]
[Date "2007.10.13"]
[Round "3"]
[White "Green, Aaron"]
[Black "Campbell, Jamie"]
[Result "0-1"]
[WhiteElo "1543"]
[BlackElo "1561"]
[PlyCount "36"]
[EventDate "2007.10.12"]
[EventType "swiss"]
[EventRounds "5"]
[EventCountry "CAN"]
[SourceTitle "EXT 2022"]
[Source "ChessBase"]
[SourceDate "2021.10.06"]
[SourceVersion "1"]
[SourceVersionDate "2021.10.06"]
[SourceQuality "1"]

1. e4 d6 2. d4 Nf6 3. Nc3 g6 4. f4 Bg7 5. Nf3 c5 6. dxc5 Qa5 7. Bd2 Qxc5 8. Bd3 Bg4 9. h3 Bxf3 10. Qxf3 0-0 11. g4 Nc6 12. Ne2 Rac8 13. f5 Nd7 14. c3 Nde5 15. Qg3 Nxd3+ 16. Qxd3 Ne5 17. Qg3 Qc4 18. Qh4 Nf3+ 0-1

[Event "Albert Boxer Classic op"]
[Site "Winnipeg"]
[Date "2007.05.13"]
[Round "5"]
[White "Lipic, Stephen"]
[Black "Campbell, Jamie"]
[Result "0-1"]
[WhiteElo "1646"]
[BlackElo "1520"]
[PlyCount "58"]
[EventDate "2007.05.11"]
[EventType "swiss"]
[EventRounds "5"]
[EventCountry "CAN"]
[SourceTitle "EXT 2019"]
[Source "ChessBase"]
[SourceDate "2018.10.10"]
[SourceVersion "1"]
[SourceVersionDate "2018.10.10"]
[SourceQuality "1"]

1. f4 Nf6 2. Nc3 g6 3. e4 d6 4. Nf3 Bg7 5. b3 Nxe4 6. Nxe4 Bxa1 7. c3 f5 8. Ng3 b6 9. Ba3 Bxc3 10. dxc3 Bb7 11. Bb5+ Nd7 12. 0-0 a6 13. Be2 e5 14. fxe5 dxe5 15. Re1 Qf6 16. Bc1 f4 17. Nh1 0-0-0 18. Qc2 e4 19. Nd2 f3 20. Nxe4 Bxe4 21. Qxe4 fxe2 22. h4 Qxc3 23. Qxe2 Rhe8 24. Qxa6+ Kb8 25. Rf1 Re1 26. Bf4 Qd4+ 27. Nf2 Rxf1+ 28. Kxf1 Qxf4 29. b4 Qxb4 0-1

[Event "Winnipeg Oliver Memorial"]
[Site "Winnipeg"]
[Date "2007.01.12"]
[Round "1"]
[White "Campbell, Jamie"]
[Black "Kaptsan, Aron"]
[Result "1/2-1/2"]
[WhiteElo "1516"]
[BlackElo "2015"]
[PlyCount "48"]
[EventDate "2007.01.12"]
[EventType "swiss"]
[EventRounds "5"]
[EventCountry "CAN"]
[SourceTitle "EXT 2022"]
[Source "ChessBase"]
[SourceDate "2021.10.06"]
[SourceVersion "1"]
[SourceVersionDate "2021.10.06"]
[SourceQuality "1"]

1. Nf3 c5 2. g3 b6 3. Bg2 Bb7 4. 0-0 Nf6 5. c3 e6 6. d4 Be7 7. Bf4 0-0 8. Nbd2 cxd4 9. cxd4 d5 10. Rc1 Nc6 11. e3 Rc8 12. Ne5 Nxe5 13. Bxe5 Nd7 14. g4 Nxe5 15. dxe5 Rxc1 16. Qxc1 Qb8 17. f4 Rc8 18. Qb1 Qc7 19. Nb3 Ba6 20. Rc1 Qd7 21. Rxc8+ Qxc8 22. Nd4 f6 23. exf6 Bxf6 24. f5 Bxd4 1/2-1/2